Statistics for Countries of the World Without A Map

Click here to take the quiz!

General Stats

  • This quiz has been taken 246 times
    (215 since last reset)
  • The average score is 178 of 196

Answer Stats

Answers% Correct
Andorra
100%
Austria
100%
Angola
98%
Armenia
98%
Belgium
98%
Botswana
98%
Chad
98%
China (People's Republic of)
98%
Croatia
98%
Cuba
98%
Czech Republic
98%
Finland
98%
Ireland
98%
Albania
95%
Australia
95%
Bahamas (The)
95%
Barbados
95%
Belize
95%
Bosnia and Herzegovina
95%
Brunei
95%
Bulgaria
95%
Burundi
95%
Cameroon
95%
Canada
95%
Chile
95%
Costa Rica
95%
Denmark
95%
Estonia
95%
Fiji
95%
France
95%
Iceland
95%
Norway
95%
Portugal
95%
Spain
95%
Sweden
95%
United Kingdom
95%
Afghanistan
93%
Algeria
93%
Argentina
93%
Azerbaijan
93%
Bahrain
93%
Bangladesh
93%
Belarus
93%
Benin
93%
Brazil
93%
Central African Republic
93%
Colombia
93%
Comoros
93%
Cyprus
93%
Dominica
93%
Dominican Republic
93%
Ethiopia
93%
Gabon
93%
Georgia
93%
Germany
93%
Greece
93%
Guyana
93%
Honduras
93%
India
93%
Indonesia
93%
Italy
93%
Latvia
93%
Lithuania
93%
Macedonia (Republic of)
93%
Mexico
93%
Monaco
93%
Montenegro
93%
Namibia
93%
North Korea
93%
Oman
93%
Poland
93%
Russia
93%
Saint Kitts and Nevis
93%
Saint Lucia
93%
Samoa
93%
Slovakia
93%
South Korea
93%
Trinidad and Tobago
93%
Turkey
93%
United States
93%
Vatican City (Holy See)
93%
Yemen
93%
Zambia
93%
Antigua and Barbuda
91%
Bhutan
91%
Bolivia
91%
Cabo Verde
91%
Congo (Republic of the)
91%
Côte d'Ivoire
91%
El Salvador
91%
Guatemala
91%
Haiti
91%
Hungary
91%
Iran
91%
Iraq
91%
Israel
91%
Japan
91%
Jordan
91%
Kiribati
91%
Kuwait
91%
Laos
91%
Lebanon
91%
Liberia
91%
Libya
91%
Luxembourg
91%
Madagascar
91%
Malaysia
91%
Maldives
91%
Mali
91%
Malta
91%
Mauritius
91%
Moldova
91%
Morocco
91%
Nauru
91%
Netherlands
91%
New Zealand
91%
Nicaragua
91%
Pakistan
91%
Peru
91%
Romania
91%
Saint Vincent and the Grenadines
91%
San Marino
91%
Serbia
91%
Seychelles
91%
Singapore
91%
Slovenia
91%
South Sudan
91%
Tanzania
91%
Tonga
91%
Turkmenistan
91%
Vietnam
91%
Zimbabwe
91%
Burkina Faso
89%
Cambodia
89%
Djibouti
89%
East Timor
89%
Ecuador
89%
Egypt
89%
Eritrea
89%
Gambia (The)
89%
Ghana
89%
Guinea
89%
Jamaica
89%
Kazakhstan
89%
Kenya
89%
Kosovo
89%
Lesotho
89%
Mongolia
89%
Mozambique
89%
Myanmar
89%
Palau
89%
Panama
89%
Paraguay
89%
Qatar
89%
Rwanda
89%
Senegal
89%
Solomon Islands
89%
Somalia
89%
Sri Lanka
89%
Sudan
89%
Syria
89%
Tajikistan
89%
Thailand
89%
Tuvalu
89%
Uganda
89%
Ukraine
89%
United Arab Emirates
89%
Vanuatu
89%
Venezuela
89%
Equatorial Guinea
86%
Grenada
86%
Guinea-Bissau
86%
Malawi
86%
Marshall Islands
86%
Mauritania
86%
Micronesia (Federated States of)
86%
Niger
86%
Nigeria
86%
São Tomé and Principe
86%
Saudi Arabia
86%
South Africa
86%
Suriname
86%
Togo
86%
Tunisia
86%
Uruguay
86%
Uzbekistan
86%
Kyrgyzstan
84%
Liechtenstein
84%
Sierra Leone
84%
Switzerland
84%
Nepal
80%
Papua New Guinea
80%
Philippines (The)
80%
Swaziland
80%
Congo (Democratic Republic of the)
50%
China (Republic of)
20%

Score Distribution

Percentile by Number Answered

Percent of People with Each Score

Your Score History

You have not taken this quiz since the last reset